Responses for show #7736 - Monday, April 9, 2018

2018 College Championship quarterfinal game 1.

Contestants

[<< previous game]

Hannah Sage, a sophomore at the University of Central Florida from Sarasota, Florida

Sheldon Lewis II, a sophomore at Rochester Institute of Technology from Buffalo, New York

Josie Bianchi, a sophomore at Stanford University from San Jose, California

[next game >>]

Jeopardy! Round responses

ROWLING ADMISSIONS
LANDMARKS
DORM LIFE
A STITCH IN TIME
SAVES
9 (LETTER WORDS)
    $200 12
Hermione

Hannah
    $200 1
Niagara Falls

Sheldon
    $200 17
a residence hall

Sheldon
    $200 27
a toga

Sheldon
    $200 8
(Hannah: Who are the Brewers?)

the Colorado Rockies

JosieHannah
    $200 4
freestyle

Sheldon
    $400 13
a werewolf

Sheldon
    $400 2
Plymouth Rock

Triple Stumper
    $400 19
a lanyard

Hannah
    $400 26
bell-bottoms

Sheldon
    $400 6
(Josie: What is Tums?)
(Sheldon: What is Alka-Seltzer?)

Rolaids

JosieSheldon
Triple Stumper
    $400 22
a beanstalk

Hannah
    $600 14
the Snitch

Hannah
    $600 9
Versailles

Josie
    $600 20
lofts (or loft beds)

Sheldon
    $1,000 18
Victoria

Sheldon
    $600 7
a blown save

Triple Stumper
    $600 3
(Josie: What is bread?)

flatbread

Josie
Triple Stumper
    $800 15
dementors

Hannah
    $800 10
(Hannah: What is Loch Lomond?)

Loch Ness

JosieHannah
    $800 29
Jack and Jill

Hannah
    $800 24
grunge

Josie
    $800 5
RBI or run batted in

Triple Stumper
    $800 23
a gladiator

Josie
    $1000 16
Cuckoo's Calling

Hannah
    $1000 11
Hiroshima

Triple Stumper
    $1000 28
an egg crate

Sheldon
    $1000 25
(Josie: What is a breathing shoulder?)
(Alex: I'm not sure about that one.)
(Josie: What is [*]?)

open shoulder

Josie
    $1000 30
the Atlanta Braves

Triple Stumper
    $1000 21
a continuum

Sheldon

Scores at the first commercial break (after clue 15):

Josie Sheldon Hannah
$600 $400 $600

Scores at the end of the Jeopardy! Round:

Josie Sheldon Hannah
$3,200 $4,800 $3,200

Double Jeopardy! Round responses

TRY THIS ON FOR SCIENCE
DUAL CITIZENS
DOWN IN SOUTH AMERICA
WOMEN IN THE BIBLE
CORPS CURRICULUM
ALL THE WAY FROM A TO B
    $400 15
algae

Josie
    $400 11
Angelina Jolie

Hannah
    $400 6
1865

Josie
    $400 1
(Josie: Where is Bethlehem?)

Jerusalem

Josie
Triple Stumper
    $400 30
the Peace Corps

Sheldon
    $400 24
absorb

Josie
    $800 16
mutation

Hannah
    $800 10
Puerto Rico

Hannah
    $800 7
Brazil

Hannah
    $800 2
St. Paul

Triple Stumper
    $800 27
an anchor

Josie
    $800 20
ad lib

Hannah
    $1200 17
a proton

Hannah
    $1200 12
Ireland

Hannah
    $3,000 8
a tsunami

Hannah
    $1200 3
Delilah

Hannah
    $1200 26
the press corps (at the White House)

Sheldon
    $1200 21
aplomb

Triple Stumper
    $1600 18
a mole

Sheldon
    $1600 13
(Charlize) Theron

Sheldon
    $1600 9
Peru

Sheldon
    $1600 4
Esther

Hannah
    $1600 25
the U.S. Army Corps of Engineers

Triple Stumper
    $1600 22
an alb

Triple Stumper
    $2000 19
a pulsar

Triple Stumper
    $2000 14
Lorde

Hannah
    $2000 29
Quito

Hannah
    $2000 5
Jacob and Esau

Hannah
    $2,500 28
(Josie: What is eau le corps?)

esprit de corps

Josie
    $2000 23
(Hannah: What is an adverb?)

an auxiliary verb

Hannah
Triple Stumper

Scores at the end of the Double Jeopardy! Round:

Josie Sheldon Hannah
$2,300 $11,200 $19,000

Final Jeopardy! Round responses

20th CENTURY PRESIDENTS
(Alex: [To Josie] Took the Oath of Office immediately after the assassination of President Kennedy, and then when he was elected 14 months later.)
JosieWho is Fo Lyndon B. Johnson?
$2,250
SheldonWho is Theodore Roosevelt?
$7,000
HannahWho is Cleveland?
$2,000
Lyndon B. Johnson

Final scores:

Josie Sheldon Hannah
$4,550 $4,200 $17,000
2nd place: $5,000 if eliminated 3rd place: $5,000 if eliminated Automatic semifinalist

Game dynamics:

Coryat scores:

Josie Sheldon Hannah
$4,800 $10,800 $17,200
10 R,
4 W
(including 1 DD)
15 R
(including 1 DD),
1 W
20 R
(including 1 DD),
3 W

Combined Coryat: $32,800

The J! Archive is created by fans, for fans. The Jeopardy! game show and all elements thereof, including but not limited to copyright and trademark thereto, are the property of Jeopardy Productions, Inc. and are protected under law. This website is not affiliated with, sponsored by, or operated by Jeopardy Productions, Inc. Join the discussion at JBoard.tv.